LEADER 00470nab a2200145 i 4500 001 000000265502 003 CaOOAMICUS 005 20180831164718.0 008 180831n xx uu u0 0und r 013 $a8580 040 $aSeMil$bita 245 10$a[vedi periodico]. 500 $aAvril 1966. 773 0 $tCatéchèse pour une foi libre et personnelle.$dParis : Centre National de l'Enseignement Religieux, 1966.$w()156755 996 $6245$a[vedi periodico]$9(OLS)http://semarc/title/309439 LEADER 01111nam a2200229 i 4500 001 000000192270 003 CaOOAMICUS 005 20100916000000.0 008 100916s1976 it u000 u ita u 013 $a170843 040 $aSeMil$bita 100 1 $aDemocrazia Cristiana : Comitato provinciale .$0(OLS)http://semarc/name/70102 245 10$aTre anni di attivita del Comitato provinciale della DC milanese :$b1974-1976 /$cDemocrazia Cristiana : Comitato provinciale. 260 $aMilano :$bRe Grafica,$c1976. 300 $a127 p. ;$c24 cm. 650 4$aDemocrazia Cristiana <1943-1994> - Storia.$0(OLS)http://semarc/subject/2147 650 4$aDemocrazia Cristiana <1943-1994> - Milano.$0(OLS)http://semarc/subject/55564 850 $aSeMil 852 $aSeMil$W1$xVenegono$y1$m3N VI 364$j142846$B142846$CSeMilBibl$Z2$F155099 $81 961 $aOmaggio: Grampa dott. Cesare 996 $6245$aTre anni di attivita del Comitato provinciale della DC milanese :$b1974-1976$9(OLS)http://semarc/title/277074 996 $6260$aMilano :$bRe Grafica$9(OLS)http://semarc/publisher/49505